Statistics for Friday Night Lights General Knowledge

Click here to take the quiz!

General Stats

  • This quiz has been taken 191 times
  • The average score is 17 of 31

Answer Stats

hintAnswer% Correct
Who is the injured Panthers QB?Jason Street
92%
What Shirt Number does he wear?6
89%
Who is the Coach of the Panthers in season 1-3?Coach Eric Taylor
89%
Who plays full back for the Panthers?Tim Riggins
89%
Who is the star running back for the panthers?Brian "Smash" Williams
88%
Complete this quote: Clear Eyes, Full Hearts, Can't ________Lose
84%
Who wears Number 7 for the Panthers?Matt Saracen
84%
Who is the coaches Daughter?Julie Taylor
82%
Complete this quote: __________ ForeverTexas
82%
Who kills a man in season 2?Landry Clarke
78%
What is the name of the car dealership owner/head booster?Buddy Garridy
77%
What does he study at College?Art
66%
What is his brother's name?Billy Riggins
66%
What team does he go onto coach in season 4 and 5?East Dillon Lions
65%
What is the name of the Coach's Wife?Tami Taylor
64%
Who is in bed beside panther's full back at the start of season 3?Lyla Garridy
63%
Who is the star QB in season 4 and 5?Vince Howard
57%
Where does he spend a short time as QB coach for a D1 college?TMU
53%
What Number does Luke Cafferty Wear?44
49%
Where is the Texas State Final played in season 1?Dallas
49%
What Sport Does he take up after his injury?Quad Rugby
48%
What Does Coach Refer to him as?"That Lance Kid"
42%
Where does he work?The Alamo Freeze
38%
Who Helps Luke Fix the fence?Dallas Tinker
31%
What City does Panther's QB move to half way through season 4?Chicago
30%
What injury does Buddy jr. get?Broken leg
23%
What college offers Coach a head Coaching job?Shane State
18%
Who is the basketballer in season 5 who is converted to a football wide receiver?Hastings Ruckle
14%
Who is his Father?Ornette Howard
8%
What is his mother's name?Corrina Williams
6%
Who is the Panther's coach at the start of season 2?Coach McGregor
4%

Score Distribution

Percentile by Number Answered

Percent of People with Each Score

Your Score History

You have not taken this quiz